Plastics: Craftwork & Technology (Record no. 4219)

MARC details
005 - DATE AND TIME OF LATEST TRANSACTION
control field 20250625141555.0
020 ## - INTERNATIONAL STANDARD BOOK NUMBER
International Standard Book Number 0 7195 3729 0
082 ## - DEWEY DECIMAL CLASSIFICATION NUMBER
Classification number LM 668.4 GRE
100 ## - MAIN ENTRY--PERSONAL NAME
Author name GREENWOOD, D. P.
245 ## - TITLE STATEMENT
Title Plastics: Craftwork & Technology
260 ## - PUBLICATION, DISTRIBUTION, ETC.
Place of publication, distribution, etc. London,
Name of publisher, distributor, etc. John Murray,
Date of publication, distribution, etc. 1980.
300 ## - PHYSICAL DESCRIPTION
Extent 102p.: ill.; figure, picture
Other physical details Index.
Dimensions 25cm.
942 ## - ADDED ENTRY ELEMENTS (KOHA)
Source of classification or shelving scheme Dewey Decimal Classification
Koha item type Books
Holdings
Date last seen Total checkouts Full call number Barcode Cost, replacement price Price effective from Koha item type Lost status Source of classification or shelving scheme Damaged status Not for loan Withdrawn status Home library Current library Shelving location Date acquired Cost, normal purchase price
06/17/2025   LM 668.4 GRE 00000013128 30000.00 06/17/2025 Books   Dewey Decimal Classification       College of Business Education Main Library College of Business Education Main Library General Collection 06/17/2025 10000.00